Singh,A.K (Record no. 1405)
[ view plain ]
| 000 -LEADER | |
|---|---|
| fixed length control field | 00345nam a2200121Ia 4500 |
| 008 - FIXED-LENGTH DATA ELEMENTS--GENERAL INFORMATION | |
| fixed length control field | 151015s9999 xx 000 0 und d |
| 050 ## - LIBRARY OF CONGRESS CALL NUMBER | |
| Classification number | DS 511.V6 1984 |
| 245 ## - TITLE STATEMENT | |
| Title | Singh,A.K |
| 250 ## - EDITION STATEMENT | |
| Edition statement | _History of Far East in Modern times A.K.Singh |
| 300 ## - PHYSICAL DESCRIPTION | |
| Extent | Delhi Surjeet 1984 |
| 650 ## - SUBJECT ADDED ENTRY--TOPICAL TERM | |
| Topical term or geographic name as entry element | _History of far East |
| 700 ## - ADDED ENTRY--PERSONAL NAME | |
| Personal name | ^d20110222 09:18:38^oanne |
No items available.